Statistics for Brawlers Based On Their Star Powers

Click here to take the quiz!

General Stats

  • This quiz has been taken 19 times
  • The average score is 28 of 33

Answer Stats

HintAnswer% Correct
Insta Bee-load and Honey CoatBea
100%
Home Run and Batting StanceBibi
94%
Smoke Trails and InvisihealLeon
94%
Bear With Me and OverbearingNita
94%
Da Capo! and Screeching SoloPoco
94%
Plant Life and Thorny GlovesRosa
94%
Rude Sands and Healing WindsSandy
94%
Shell Shock and Band-AIdShelly
94%
Berserker and Tough GuyBull
88%
Slick Boots and Magnum SpecialColt
88%
Steel Hoops and Rolling ReloadDarryl
88%
Dyna-Jump and DemolitionDynamike
88%
El Fuego and Meteor RushEl Primo
88%
Power Grab and SpongeFrank
88%
Creepy Harvest and Coiled SnakeMortis
88%
Mama's Hug and Mama's SqueezePam
88%
Super Bouncy and Robo RetreatRico
88%
Fertilize and CurveballSpike
88%
Black Portal and Healing ShadeTara
88%
Well Oiled and Automa-tick ReloadTick
88%
Boosted Booster and Extra Life8-Bit
82%
Circling Eagle and Snare a BearBo
82%
Incendiary and Rocket Number 4Brock
82%
Bad Karma and HypeEmz
82%
Magic Puffs and Spirit SlapGene
82%
Energize and ShockyJessie
82%
Super Charged and Run n' GunMax
82%
Ambush and Snappy SnippingPiper
82%
Medical Use and Extra NoxiousBarley
76%
Did you like my quiz?Yes
76%
Power Throw and Protective PirouetteCarl
71%
Last Blast and Balls of FirePenny
71%
Handle With Care and Tin CanMr. P
53%

Score Distribution

Percentile by Number Answered

Percent of People with Each Score

Your Score History

You have not taken this quiz